Sezónnosť v množstve vynaloženej práce na Slovensku bakalárska práca

Guardado en:
Detalles Bibliográficos
Autor principal: Nečas, Juraj
Autor Corporativo: Fakulta hospodárskej informatiky EU. Katedra operačného výskumu a ekonometrie
Otros Autores: Ostrihoň, Filip
Formato: Libro
Lenguaje:eslovaco
Publicado: Bratislava 2015
Etiquetas: Agregar Etiqueta
Sin Etiquetas, Sea el primero en etiquetar este registro!

MARC

LEADER 00000nbm a2200000 4500
001 0206548
005 20161212111639.9
041 0 |a slo 
044 |a SK 
245 1 0 |a Sezónnosť v množstve vynaloženej práce na Slovensku  |b bakalárska práca  |c Juraj Nečas ; školiteľ: Filip Ostrihoň 
264 1 |a Bratislava  |c 2015 
300 |a 51 s. 
100 1 |a Nečas, Juraj 
700 1 |a Ostrihoň, Filip 
710 2 |a Fakulta hospodárskej informatiky EU. Katedra operačného výskumu a ekonometrie